[Event "Madurai Athens of the East op-B 1st"]
[Site "Madurai"]
[Date "2019.08.12"]
[Round "8"]
[White "Sasikumar, N."]
[Black "Abishek, A."]
[Result "1/2-1/2"]
[WhiteElo "1530"]
[BlackElo "1693"]
[PlyCount "97"]
[EventDate "2019.08.10"]
[EventType "swiss"]
[EventRounds "10"]
[EventCountry "IND"]
[SourceTitle "EXT 2022"]
[Source "ChessBase"]
[SourceDate "2021.10.06"]
[SourceVersion "1"]
[SourceVersionDate "2021.10.06"]
[SourceQuality "1"]

1. d4 Nf6 2. Nf3 d5 3. g3 e6 4. Bg2 c5 5. c3 Nbd7 6. 0-0 Be7 7. Bf4 0-0 8. Nbd2 b6 9. Ne5 Nxe5 10. Bxe5 Bb7 11. h3 Nd7 12. Bf4 Bg5 13. Bxg5 Qxg5 14. Nf3 Qe7 15. e3 Rfd8 16. Qe2 f6 17. h4 e5 18. Rfe1 exd4 19. exd4 Qxe2 20. Rxe2 Re8 21. Rae1 Kf7 22. Bh3 Nf8 23. h5 Rxe2 24. Rxe2 g6 25. hxg6+ hxg6 26. Nh4 Bc8 27. Bg2 Be6 28. dxc5 bxc5 29. c4 Rd8 30. cxd5 Bxd5 31. Rd2 Ke6 32. Bh3+ Kd6 33. Ng2 Kc7 34. b3 Bf7 35. Rxd8 Kxd8 36. Ne3 Kc7 37. Ng4 Be6 38. f4 Bxg4 39. Bxg4 f5 40. Be2 Nh7 41. Bc4 g5 42. Bd3 gxf4 43. Bxf5 Nf6 44. gxf4 Nd5 45. Kf2 Nxf4 46. Ke3 Nd5+ 47. Kd3 Kb6 48. a3 Nc7 49. Bd7 1/2-1/2